Genshin Impact - Les personnages - Statistiques

Statistiques générales
  • Ce quiz a été pris 3 282 fois
    2 406 depuis la dernière actualisation
  • Le résultat moyen est 49 sur 68
Statistiques - réponses
Réponse % Correct
Jean
90%
Venti
90%
Shogun Raiden
89%
Diluc
87%
Kaeya
85%
Zhongli
85%
Kaedehara Kazuha
84%
Xiao
84%
Amber
82%
Lisa
82%
Nahida
81%
Bennett
80%
Kamisato Ayaka
80%
Yun Jin
80%
Barbara
79%
Mona
79%
Qiqi
79%
Sucrose
79%
Arataki Itto
77%
Yae Miko
77%
Albedo
76%
Kamisato Ayato
75%
Noëlle
75%
Keqing
74%
Klee
74%
Sangonomiya Kokomi
74%
Tartaglia
74%
Tighnari
74%
Collei
73%
Cyno
73%
Hu Tao
73%
Xiangling
73%
Gorou
72%
Beidou
71%
Ganyu
71%
Ningguang
71%
Shenhe
71%
Chongyun
70%
Fischl
70%
Kujou Sara
70%
Razor
70%
Sayu
70%
Eula
69%
Xingqiu
69%
Alhaitham
68%
Dehya
68%
Diona
68%
Shikanoin Heizou
68%
Thomas
68%
Nomade
67%
Yelan
67%
Faruzan
66%
Kaveh
66%
Yaoyao
66%
Baizhu
65%
Kuki Shinobu
65%
Yoimiya
64%
Rosalia
63%
Yanfei
63%
Nilou
62%
Xinyan
61%
Candace
60%
Dori
59%
Layla
59%
Mika
59%
Kirara
58%
Voyageur
58%
Aloy
51%
Aucun quiz correspondant
Distribution des résultats
% des personnes avec chaque résultat
Percentile par nombre de réponses
Votre historique - résultats
Vous n’avez pas pris ce quiz depuis la dernière actualisation